Responses for Show #1709 - Thursday, January 23, 1992

Contestants

Howard Robinson, a senior programmer analyst from Canoga Park, California

Sue Betos, a waitress from Whitestone, New York

Joseph D'Hippolito, a freelance writer from Fullerton, California (whose 2-day cash winnings total $24,600)

[next game >>]

Jeopardy! Round responses

NEW YORK CITY
ANNUAL EVENTS
PEOPLE
TRANSPORTATION
HOBBIES
"TOP"s
    $100 5
The New York Times

Howard
    $100 23
Marine Corps

Howard
    $100 15
Julia Roberts

Joseph
    $100 1
(San Francisco) cable cars

Howard
    $100 2
needles

Joseph
    $100 17
Top Gun

Howard
    $200 9
New York City Library

Triple Stumper
    $200 24
Bastille Day

Joseph
    $200 22
Natalie Cole

Howard
    $200 3
the reins

Howard
    $200 4
barbershop quartet

Sue
    $200 18
topsy-turvy

Howard
    $300 10
Strawberry Fields

Joseph
    $300 25
Passover

Joseph
    $300 28
Prince Philip

Sue
    $300 11
Toys R Us

Howard
    $300 6
hobby horse

Howard
    $300 19
top hats

Howard
    $400 13
Columbia (University)

Howard
    $700 26
Martin Luther King Day

Joseph
    $400 29
Boris Yeltsin

Joseph
    $400 12
cow catchers

Sue
    $400 7
terrarium

Howard
    $400 20
topless bathing suit

Sue
    $500 14
Grant's Tomb

Sue
    $500 27
bank holiday

Joseph
    $500 30
Winnie Mandela

Joseph
    $500 16
litter

Triple Stumper
    $500 8
flags

Sue
    $500 21
top banana

Sue

Scores at the first commercial break (after clue 15):

Joseph Sue Howard
$500 $1,600 $1,800

Scores at the end of the Jeopardy! Round:

Joseph Sue Howard
$3,100 $2,800 $2,700

Double Jeopardy! Round responses

THE 20th CENTURY
BODIES OF WATER
MEN OF SCIENCE
FLOWERS
PHILOSOPHY
WORLD CAPITALS
    $200 3
China

Sue
    $200 18
Seine

Sue
    $200 15
Galileo

Joseph
    $200 13
poppy

Sue
    $200 24
2

Sue
    $200 4
Stockholm

Joseph
    $400 9
the Philippines

Joseph
    $400 20
Indian Ocean

Joseph
    $400 16
Geiger

Howard
    $400 14
lotus

Howard
    $400 27
Descartes

Sue
    $400 5
Baghdad

Joseph
    $600 10
the Pentagon Papers

Howard
    $600 21
(Sue: What is Lake Erie?)
(Joseph: What is Lake Superior?)

Lake Huron

JosephSue
Triple Stumper
    $600 17
Wernher von Braun

Joseph
    $600 19
(Howard: What is a lily?)

orchid

JosephHoward
    $600 28
his birth

Joseph
    $600 6
Canberra

Triple Stumper
    $800 11
Pueblo

Howard
    $800 22
(Joseph: What is the Gulf of Lyon?)

Bay of Biscay

JosephHoward
    $800 2
Jean Foucault

Triple Stumper
    $1,000 25
(Sue: What is a bloom?)

crocus

Sue
    $800 29
Jean-Paul Sartre

Joseph
    $800 7
Prague

Joseph
    $1000 12
Romania

Sue
    $1000 23
(Joseph: What is the Black Sea?)
(Sue: What is the Caspian Sea?)

Sea of Marmara

JosephSue
Triple Stumper
    $1000 1
Uranus

Triple Stumper
    $1000 26
jasmine

Howard
    $1000 30
Spinoza

Joseph
    $2,000 8
(Joseph: What is Paris?)

Beirut

Joseph

Scores at the end of the Double Jeopardy! Round:

Joseph Sue Howard
$4,700 $2,400 $6,100

[wagering suggestions for these scores]

Final Jeopardy! Round responses

WOMEN AUTHORS
SueWho is Beatrix Potter?
$2,399
JosephWho is Beatrix Potter?
$4,700
HowardWho Mother Goose?
$3,500
Beatrix Potter

Final scores:

Joseph Sue Howard
$9,400 $4,799 $2,600
3-day champion: $34,000 2nd place: Bartlett Old World bedroom set & Waverly Nantucket Collection bedding 3rd place: RCA self-cleaning range

Game dynamics:

Coryat scores:

Joseph Sue Howard
$6,400 $3,400 $6,100
20 R
(including 1 DD),
4 W
(including 1 DD)
13 R,
3 W
(including 1 DD)
18 R,
1 W

Combined Coryat: $15,900

[game clues] [game scores] [suggest correction]

Game tape date: 1991-11-06
The J! Archive is created by fans, for fans. Scraping, republication, monetization, and malicious use prohibited; this site may use cookies and collect identifying information. See terms. The Jeopardy! game show and all elements thereof, including but not limited to copyright and trademark thereto, are the property of Jeopardy Productions, Inc. and are protected under law. This website is not affiliated with, sponsored by, or operated by Jeopardy Productions, Inc. Join the discussion at JBoard.tv.